|
|
|
|
| LEADER |
01450nam a22003371a 4500 |
| 001 |
000707015 |
| 003 |
CZ BrMZK |
| 005 |
20170804102853.0 |
| 007 |
ta |
| 008 |
040225s1990 xr a e 000 m cze d |
| 015 |
|
|
|a cnb000058018
|
| 020 |
|
|
|a 80-7021-032-X
|q (Váz.) :
|c 54 Kčs
|
| 040 |
|
|
|a ABA001
|b cze
|d BOA001
|d ABA001
|
| 080 |
|
|
|a 935
|2 MRF
|
| 100 |
1 |
|
|a Bič, Miloš,
|d 1910-2004
|7 jk01012008
|4 aut
|4 ill
|
| 245 |
1 |
0 |
|a Při řekách babylónských :
|b dějiny a kultura starověkých říší Předního Orientu /
|c Miloš Bič ; fot. reprodukce Pavel Štecha
|
| 250 |
|
|
|a 1. vyd.
|
| 260 |
|
|
|a Praha :
|b Vyšehrad,
|c 1990
|f (Mír 3)
|
| 300 |
|
|
|a 382 s. :
|b obr., 48 s. fot., [4] s. mp. ;
|c 20 cm
|
| 500 |
|
|
|a Ilustr. tit. dvoulist a předsádky
|
| 500 |
|
|
|a 18000 výt.
|
| 504 |
|
|
|a Obsahuje bibliografie a bibliografické odkazy
|
| 500 |
|
|
|a Dostupné též v digitální podobě v aplikaci Kramerius
|
| 700 |
1 |
|
|a Štecha, Pavel,
|d 1944-2004
|7 jn20000402879
|4 pht
|
| 856 |
4 |
1 |
|u http://www.digitalniknihovna.cz/mzk/uuid/uuid:a369d290-51c7-11e3-ae59-005056827e52
|y Digitalizovaný dokument
|x NDK
|
| 910 |
|
|
|a BOA001
|b PK-0114.421
|b 2-0962.819
|
| 920 |
|
|
|a 000115863
|
| 964 |
|
|
|a Přední východ - starověk - dějiny
|
| 990 |
|
|
|a BK
|
| 996 |
7 |
|
|b 2619968376
|c 2-0962.819
|l MZK
|r Sklad / do 1 hodiny
|n 31
|w 000707015
|u 000020
|a 1
|e BOA001
|j MZK50
|s A
|
| 996 |
7 |
|
|b 3119643506
|c PK-0114.421
|l MZK
|r Sklad / do 1 hodiny
|n 24
|w 000707015
|u 000010
|a 1
|e BOA001
|j MZK50
|s A
|